[Event "ROM-ch U12 Girls"]
[Site "Calimanesti"]
[Date "2018.04.02"]
[Round "8"]
[White "Celea, Andreea Alina"]
[Black "Moldovanu, Raluca"]
[Result "1-0"]
[WhiteElo "1186"]
[BlackElo "1059"]
[PlyCount "161"]
[EventDate "2018.03.27"]
[EventType "swiss"]
[EventRounds "9"]
[EventCountry "ROU"]
[SourceTitle "CBM 183 Extra"]
[Source "ChessBase"]
[SourceDate "2018.04.19"]
[SourceVersion "1"]
[SourceVersionDate "2018.04.19"]
[SourceQuality "1"]

1. e4 c6 2. d4 d5 3. exd5 cxd5 4. Bd3 Nf6 5. c3 Nc6 6. Bf4 Bg4 7. Qb3 Qd7 8. Nd2 e6 9. Ngf3 Be7 10. Ne5 Qc8 11. 0-0 0-0 12. Qc2 g6 13. Nxg4 Nxg4 14. h3 e5 15. dxe5 Ngxe5 16. Bh6 Rd8 17. Rfe1 Nxd3 18. Qxd3 Bf6 19. Qf3 Bg7 20. Bg5 Rd7 21. Nb3 b6 22. Rac1 b5 23. Red1 Ne5 24. Qe3 Nc4 25. Qe2 Qe8 26. Qxe8+ Rxe8 27. Rc2 f6 28. Bf4 Rde7 29. Rxd5 a6 30. Nd4 f5 31. b3 Bxd4 32. Rxd4 Re1+ 33. Kh2 Na3 34. Rb2 Rc8 35. Rd3 Nb1 36. Rc2 Na3 37. Rc1 Re2 38. Rd2 Rce8 39. Rcd1 Rxd2 40. Rxd2 Nb1 41. Rc2 Na3 42. Rb2 Rc8 43. Bd6 b4 44. Bxb4 Nb5 45. c4 Nd4 46. Rd2 Nc6 47. Bd6 Rd8 48. c5 Kf7 49. f4 Ke6 50. Kg3 a5 51. Kf3 Na7 52. Ke3 Nc6 53. a3 Rd7 54. Rb2 Kd5 55. Rd2+ Ke6 56. g4 h6 57. Bf8 Rxd2 58. Kxd2 h5 59. g5 Kd5 60. Kd3 h4 61. Bd6 Nd4 62. Kc3 Ke4 63. Kc4 Ne6 64. b4 axb4 65. axb4 Nxf4 66. Bxf4 Kxf4 67. c6 Kg3 68. c7 f4 69. c8Q f3 70. Qg4+ Kf2 71. b5 Ke2 72. b6 Ke3 73. Qxf3+ Kxf3 74. b7 Kg3 75. b8Q+ Kxh3 76. Qf4 Kg2 77. Qxh4 Kf3 78. Kd3 Kg2 79. Ke2 Kg1 80. Kf3 Kf1 81. Qh1# 1-0